000
00326nam a2200121 a 4500
005
20140414131908.0
008
101006s19uu xx 00 eng d
050
_a
ER
_b
Al5 1987
100
_a
Archambault, John
245
_a
Allafred the anteater.
260
_a
Allen, Texas :
_b
DLM Teaching Resources,
_c
1987.
999
_c
111046
_d
111046